Proceso de la comprensión, memoria y aprendizaje de textos /
Estudio sobre los procesos psicológicos básicos que subyacen a la comprensión, memoria y aprendizaje a partir de la lectura. Son expuestos los diferentes niveles de procesamiento psicológico que median entre el estímulo escrito y la construcción y almacenamiento de representaciones y conocimientos n...
Tallennettuna:
| Päätekijä: | |
|---|---|
| Aineistotyyppi: | Kirja |
| Kieli: | espanja |
| Julkaistu: |
Madrid, España :
Sanz y Torres,
2000, c2000
|
| Aiheet: | |
| Tagit: |
Ei tageja, Lisää ensimmäinen tagi!
|
MARC
| LEADER | 00000nam^a2200000^a^4500 | ||
|---|---|---|---|
| 001 | 000148703 | ||
| 005 | 20250521000000.0 | ||
| 009 | 20260310100034.904 | ||
| 020 | |a 84-88667-57-4 | ||
| 037 | |a Acervo ITESO - Biblioteca | ||
| 041 | |a ESP | ||
| 082 | |a 153. |b ELO | ||
| 100 | |a Elosúa de Juan, María Rosa |e (autor) | ||
| 245 | 1 | 0 | |a Proceso de la comprensión, memoria y aprendizaje de textos / |c R.M. Elosúa de Juan ; pról. de Juan A. García Madruga. |
| 264 | 4 | |a Madrid, España : |b Sanz y Torres, |c 2000, c2000 | |
| 300 | |a XX, 256 p. | ||
| 336 | |a texto |b txt |2 rdacontenido | ||
| 337 | |a sin mediación |b n |2 rdamedio | ||
| 338 | |a volumen |b nc |2 rdasoporte | ||
| 520 | |a Estudio sobre los procesos psicológicos básicos que subyacen a la comprensión, memoria y aprendizaje a partir de la lectura. Son expuestos los diferentes niveles de procesamiento psicológico que median entre el estímulo escrito y la construcción y almacenamiento de representaciones y conocimientos nuevos, fruto de la lectura comprensiva. | ||
| 649 | |a XX | ||
| 650 | |a Comprensión | ||
| 650 | |a Memoria | ||
| 650 | |a Percepción | ||
| 650 | |a Inferencia | ||
| 650 | |a Lenguaje y Pensamiento | ||
| 650 | |a Aprendizaje | ||
| 650 | |a Psicología Cognitiva | ||
| 650 | |a Lectura | ||
| 650 | |a Psicolingüística | ||
| 650 | |a Psicología Educativa | ||
| 650 | |a Lingüística | ||
| 650 | |a Educación | ||
| 650 | |a Psicología | ||
| 910 | |a Fondo General | ||
| 920 | |a Impresos - Libros | ||
| 930 | |a Colección General | ||
| 905 | |a 101 | ||
| 901 | |a 0500078256 |b IT1 |c ACC |u 20250521 | ||
| 902 | |a https://opac.biblio.iteso.mx/vufind/Record/000148703 | ||